Koncsol László tele tarsolya

Podrobná bibliografia
Hlavný autor: Kocur, László, 1977- (Autor)
Médium: Článok
Jazyk:maďarčina
Fyzický popis:Fotogr.
ISSN:1335-7050
Predmet:

MARC

LEADER 00000nab a2200000 a 4500
001 vtls011557992
003 SK-MaSNL
005 20260507043152.0
008 160606c20160604xo d| | 000 0|2hun
015 |a SNBRB2016/06 
038 |a DSZK 
040 |a DSZK  |b slo  |c DSZK  |e AACR2 
041 0 |a hun 
044 |a xo  |c SK 
080 |a 821.511.141(437.6)-051  |2 2011 
080 |a 94(437.6)-051  |2 2011 
100 1 |a Kocur, László,  |d 1977-  |4 aut  |9 111402 
245 1 0 |a Koncsol László tele tarsolya  |c Kocur László 
300 |b Fotogr. 
600 1 7 |a Koncsol, László,  |d 1936-2023  |2 dszk  |9 207344 
650 0 7 |a spisovatelia  |2 SNKPH  |9 4982 
650 0 7 |a regionálni historici  |2 dszk  |9 170570 
650 0 7 |a jubilejné články  |2 dszk  |9 1322296 
651 7 |a Orechová Potôň (Slovensko)  |2 dszk  |9 75051 
773 0 |t Új szó  |g Évf. 69, sz. 130 (2016.6.4)  |x 1335-7050 
773 0 8 |i Mell.:  |t Szalon  |g Évf. 10, sz. 23 (2016), o. 20 
852 |a DSZK  |b KIS3GCP 
958 |a HU 
958 |a SK 
958 |a LX 
958 |a NM 
999 |c 2665513  |d 2667443